| 000 | 00846nab a2200241u 4500 | ||
|---|---|---|---|
| 001 | 17859 | ||
| 003 | HDC | ||
| 007 | c| |||a|c|aaaa | ||
| 008 | 210224b20140606my ||||| |||| 00| 0 may d | ||
| 040 | _aHDC | ||
| 100 |
_aHassan Omar / _eauthor _916708 |
||
| 245 | 0 |
_a¬Pemasaran atas talian beri peluang melangkah lebih jauh / _cHassan Omar |
|
| 336 |
_atext _2rdacontent |
||
| 337 |
_acomputer _2rdamedia |
||
| 338 |
_aonline resource _2rdacarrier |
||
| 650 |
_aFederal Agricultural Marketing Authority (FAMA) _916449 |
||
| 650 |
_aMini Rural Transformation Center(RTC) _917032 |
||
| 710 | _aBERITA HARIAN | ||
| 856 | _zRequest full-text at [email protected] | ||
| 942 | _2lcc | ||
| 942 | _cNEWS | ||
| 942 | _kNWSC 005038 | ||
| 999 |
_c15175 _d15175 |
||